|
|
|
|
| LEADER |
00000cam a2200000 c 4500 |
| 001 |
1751092879 |
| 003 |
DE-627 |
| 005 |
20251226192616.0 |
| 007 |
tu |
| 008 |
210311s2019 ii ||||| 00| ||eng c |
| 010 |
|
|
|a 2022326170
|
| 035 |
|
|
|a (DE-627)1751092879
|
| 035 |
|
|
|a (DE-599)KXP1751092879
|
| 035 |
|
|
|a (IiNdDKA)DK-284233-HBD
|
| 040 |
|
|
|a DE-627
|b ger
|c DE-627
|e rda
|
| 041 |
|
|
|a eng
|
| 044 |
|
|
|c XB-IN
|
| 050 |
|
0 |
|a BL2001.2
|
| 082 |
0 |
|
|a 294
|q DLC
|2 23
|
| 084 |
|
|
|a ASIEN
|q DE-16
|2 fid
|
| 084 |
|
|
|a 0
|2 ssgn
|
| 111 |
2 |
|
|j VerfasserIn
|0 (DE-588)1253102856
|0 (DE-627)1794986421
|4 aut
|a International Conference on Inter-Religious Harmony
|d 2016
|c Tirupati
|
| 245 |
1 |
0 |
|a Inter-faith harmony
|b the need of humanity and the vision of Sree Narayana Guru : acompilation of scholarly papers presented at the International Conference on Inter-Religious Harmony held at Sri Venkateswara University, Tirupati, Andhra State, South India, on 17th & 18th October 2016
|c chief editor Smt. Sathyabai Sivadas ; editors, Prof. G. Stanley Jayakumar, Prof. K. Anandan
|
| 264 |
|
1 |
|a Hyderabad
|b Sree Narayana Guru Dharma Pracharana Sabha
|c August 2019
|
| 300 |
|
|
|a viii, 500 Seiten
|b Illustrationen
|c 22 cm
|
| 336 |
|
|
|a Text
|b txt
|2 rdacontent
|
| 337 |
|
|
|a ohne Hilfsmittel zu benutzen
|b n
|2 rdamedia
|
| 338 |
|
|
|a Band
|b nc
|2 rdacarrier
|
| 500 |
|
|
|a Includes bibliographical references
|
| 583 |
1 |
|
|a Archivierung/Langzeitarchivierung gewährleistet
|f FID
|x XA-DE-BW
|2 pdager
|5 DE-16-77
|
| 600 |
1 |
0 |
|a Narayana Guru
|d 1856-1928
|v Congresses
|2 DLC
|
| 600 |
1 |
4 |
|a Narayana Guru - 1856-1928
|0 (OCoLC)fst00100870
|
| 601 |
|
|
|a Harmonie
|
| 601 |
|
|
|a Université
|
| 601 |
|
|
|a Tirupati
|
| 650 |
|
0 |
|a Narayana Guru ; 1856-1928 ; Congresses
|
| 650 |
|
0 |
|a Religious pluralism ; India ; Congresses
|
| 650 |
|
0 |
|a Peace ; Religious aspects ; India ; Congresses
|
| 650 |
|
0 |
|a Hinduism ; Congresses
|
| 650 |
|
0 |
|a India ; Religion ; Congresses
|
| 650 |
|
0 |
|a Religious Pluralism
|z India
|v Congresses
|2 DLC
|
| 650 |
|
0 |
|a Peace
|x Religious aspects
|v Congresses
|2 DLC
|
| 650 |
|
0 |
|a Hinduism
|v Congresses
|2 DLC
|
| 650 |
|
4 |
|a Hinduism
|0 (OCoLC)fst00957121
|
| 650 |
|
4 |
|a Peace - Religious aspects
|0 (OCoLC)fst01055785
|
| 650 |
|
4 |
|a Religion
|0 (OCoLC)fst01093763
|
| 650 |
|
4 |
|a Religious Pluralism
|0 (OCoLC)fst01094200
|
| 650 |
|
4 |
|a Conference papers and proceedings
|0 (OCoLC)fst01423772
|
| 651 |
|
0 |
|a India
|x Religion
|v Congresses
|2 DLC
|
| 651 |
|
4 |
|a India
|0 (OCoLC)fst01210276
|
| 655 |
|
7 |
|a Konferenzschrift
|0 (DE-588)1071861417
|0 (DE-627)826484824
|0 (DE-576)433375485
|2 gnd-content
|
| 689 |
0 |
0 |
|d g
|0 (DE-588)4026722-2
|0 (DE-627)104585129
|0 (DE-576)208967699
|2 gnd
|a Indien
|
| 689 |
0 |
1 |
|d s
|0 (DE-588)4049396-9
|0 (DE-627)106187155
|0 (DE-576)209081880
|2 gnd
|a Religion
|
| 689 |
0 |
2 |
|d s
|0 (DE-588)4192352-2
|0 (DE-627)105235164
|0 (DE-576)210079924
|2 gnd
|a Interreligiöser Dialog
|
| 689 |
0 |
|
|5 (DE-627)
|
| 689 |
1 |
0 |
|d p
|0 (DE-588)119216620
|0 (DE-627)695803859
|0 (DE-576)211632864
|2 gnd
|a Narayana Guru
|d 1855-1928
|
| 689 |
1 |
|
|5 (DE-627)
|
| 700 |
1 |
|
|e HerausgeberIn
|0 (DE-588)1251767141
|0 (DE-627)1789514118
|4 edt
|a Sivadas, Sathyabai
|
| 700 |
1 |
|
|a Jayakumar, G. Stanley
|e HerausgeberIn
|4 edt
|
| 700 |
1 |
|
|a Anandan, K.
|e HerausgeberIn
|4 edt
|
| 856 |
4 |
2 |
|u https://swbplus.bsz-bw.de/bsz1751092879inh.htm
|m V:DE-576
|m B:DE-16
|v 20220422193058
|3 Inhaltsverzeichnis
|7 1
|
| 935 |
|
|
|a mteo
|
| 951 |
|
|
|a BO
|
| ACO |
|
|
|a 1
|
| ELC |
|
|
|b 1
|
| LOK |
|
|
|0 000 xxxxxcx a22 zn 4500
|
| LOK |
|
|
|0 001 4427001734
|
| LOK |
|
|
|0 003 DE-627
|
| LOK |
|
|
|0 004 1751092879
|
| LOK |
|
|
|0 005 20231219173224
|
| LOK |
|
|
|0 008 231205||||||||||||||||ger|||||||
|
| LOK |
|
|
|0 040
|a DE-Tue135
|c DE-627
|d DE-Tue135
|
| LOK |
|
|
|0 092
|o n
|
| LOK |
|
|
|0 852
|a DE-Tue135
|
| LOK |
|
|
|0 852 1
|9 00
|
| LOK |
|
|
|0 935
|a hdsa
|
| LOK |
|
|
|0 939
|a 05-12-23
|b l01
|
| ORI |
|
|
|a SA-MARC-ixtheoa001.raw
|
| REL |
|
|
|a 1
|
| STA |
0 |
0 |
|a India,India,India,India,India,India,India,India,Northeastern India,Southern India,Northwestern India,Southeastern India,Northern India,Western India,Interfaith dialogue,Interreligious relations,Interreligious dialog,Interreligious encounter,Religion,Religions,Religion,Religion in literature
|
| STB |
0 |
0 |
|a Dialogue interreligieux,Dialogue interreligieux,Inde,Religion,Religions,Religion
|
| STC |
0 |
0 |
|a Diálogo interreligioso,Diálogo inter-religioso,India,Religión,Religión,Religión
|
| STD |
0 |
0 |
|a Dialogo interreligioso,Dialogo interreligioso,India,Religione,Religione,Religione
|
| STE |
0 |
0 |
|a 印度,宗教,宗教,宗教间关系
|
| STF |
0 |
0 |
|a 印度,宗教,宗教,宗教間關係
|
| STG |
0 |
0 |
|a Diálogo inter-religioso,Diálogo inter-religioso,Religião,Religião,Índia
|
| STH |
0 |
0 |
|a Индия (мотив),Межрелигиозный диалог,Религия (мотив),Религия
|
| STI |
0 |
0 |
|a Διαθρησκειακός διάλογος,Θρησκεία (μοτίβο),Θρησκεία,Ινδία (μοτίβο)
|
| SUB |
|
|
|a REL
|
| SYE |
0 |
0 |
|a Religion,Mystik,Mythologie
|
| SYG |
0 |
0 |
|a India , Bharat,Indische Union,Altindien,Hindustan,Hindostan,Indien,Indie,Indian Union,Bhārata Gaṇarājya,Bhārata,Indien,Republik Indien,Indien,Dominion of India,India,Republic of India,Inde,Indië,Bharata,Indiia,Indland,Hindiston Respublikasi,Satharanarat 'India,Yin-tu , Religion,Mystik,Mythologie , Interreligiöse Beziehung,Interreligiöse Begegnung,Interreligiöser Kontakt,Religionskontakt , Nārāyaṇan,1855-1928,Nārāyaṇa,Guru,1855-1928,Nārāyaṇaguru,1855-1928,Nārāyaṇakuru,1855-1928,Nārāyaṇagurusvāmikaḷ,1855-1928,Guru, Narayana,1855-1928,Gurudēvan,1855-1928,Śrīnārāyaṇa,Svāmikaḷ,1855-1928,Sree Narayanan,Swami,1855-1928,Swamikal, Sree Narayana Guru,1855-1928,Sree Narayana Guru,Swamikal,1855-1928,Svāmikaḷ, Śrīnārayaṇa,1855-1928,Sree Narayanan,1855-1928,Narayanan, Sree,1855-1928,Sree Narayana,Swami,1855-1928,Śrīnārāyaṇaguru,1855-1928,Narayana,Guru,1855-1928,Sree Narayana,Swami,1855-1928
|
| TIM |
|
|
|a 100019470815_100020261231
|b 1947-08-15 - 2026
|